Shakespeare by Numbers Quiz Stats

 Plays Quiz Updated Mar 10, 2020

Support Sporcle.
Go Orange.
Score 0/55 Timer 10:00
0 Plays Today
% Correct
Capulet
89.5%
Rome
87.7%
Othello
85.7%
Othello
85.7%
Hamlet
85.3%
Montague
84.4%
Trouble
79.1%
Henry V
78.3%
Henry V
78.3%
Toil
78.1%
And
77.7%
And
77.7%
Venice
77.1%
Henry VI
73.6%
Bubble
73%
Richard II
72.9%
Verona
71.7%
Richard III
70.3%
Richard III
70.3%
Henry IV
67.5%
Henry VIII
65.3%
Iago
63.1%
To be or not to be
62.4%
Asp
62.4%
Double
59.7%
Double
59.7%
Cauldron
59.6%
Desdemona
58.8%
% Correct
Burn
53.1%
King John
51.3%
Fire
50.6%
Gold
32.6%
Silver
31.4%
Antony
29.3%
Falstaff
25.3%
Rosalind
24.5%
Padua
23.3%
Lead
20.6%
Sicily
18.9%
Emilia
16.8%
Orlando
16.2%
Celia
12.7%
Phebe
10.7%
Roderigo
10.6%
Touchstone
10%
Oliver
9.4%
Audrey
8.7%
Timon
7.9%
Silvius
7.4%
O that this too too solid flesh would melt
5%
O what a rogue and peasant slave am I
4.7%
How all occasions do inform against me
3.1%
Now might I do it pat
2.7%
Duke of Gloucester
2.6%
Tis now the very witching time of night
1.7%

You're not logged in!

Compare scores with friends on all Sporcle quizzes.
OR
Log In

From the Vault

Hogwarts Care of Magical Creatures Exam

by bhenderson79

Now you'll know what to do when you find all those fantastic beasts.
Remove Ads.
Support Sporcle.
Get the best of Sporcle when you Go Orange. This ad-free experience offers more features, more stats, and more fun while also helping to support Sporcle. Thank you for becoming a member.

Show Comments

Extras

Top Quizzes Today


Score Distribution

Your Account Isn't Verified!

In order to create a playlist on Sporcle, you need to verify the email address you used during registration. Go to your Sporcle Settings to finish the process.

Report this User

Report this user for behavior that violates our Community Guidelines.

Details: